000 00504nam a22001937a 4500
942 _cBK
999 _c484
_d484
005 20250420134812.0
008 200722b ||||| |||| 00| 0 eng d
020 _a9780081006139
040 _cKCST
082 _a629.8
_bBo In
100 _aBolton, William
_94667
245 _aInstrumentation and control systems /
_bWilliam Bolton
250 _a2nd ed.
260 _aWaltham, MA :
_bNewnes (Elsevier),
_c2015.
300 _a341 p.
650 _aAutomatic control.
_9979
942 _2ddc